00388 2200157 4500001002100000008004100021035002000062245004300082100001800125250000600143260003300149084001400182082000800196650001400204990001200218INLIS000000000001189 ind  a0010-0524000424 aDasar-Dasar ManajemencGeorge R. Terry aTerry, George a1 aJakarta :bBuni Aksarac2008 a650 GEO d a650 aNon Fiksi a0713600